MyGZULibrary

Gender, power and knowledge for development / (Record no. 6672)

MARC details
000 -LEADER
fixed length control field 01792cam a2200361 i 4500
001 - CONTROL NUMBER
control field 19252027
003 - CONTROL NUMBER IDENTIFIER
control field GZU
005 - DATE AND TIME OF LATEST TRANSACTION
control field 20210428084433.0
008 - FIXED-LENGTH DATA ELEMENTS--GENERAL INFORMATION
fixed length control field 160829s2017 enk 000 0 eng
010 ## - LIBRARY OF CONGRESS CONTROL NUMBER
LC control number 2016022145
020 ## - INTERNATIONAL STANDARD BOOK NUMBER
International Standard Book Number 9780415739009 (hb)
040 ## - CATALOGING SOURCE
Original cataloging agency DLC
Language of cataloging eng
Transcribing agency DLC
Description conventions rda
Modifying agency DLC
042 ## - AUTHENTICATION CODE
Authentication code pcc
050 00 - LIBRARY OF CONGRESS CALL NUMBER
Classification number HD76.2
Item number .NAR 2017
082 00 - DEWEY DECIMAL CLASSIFICATION NUMBER
Classification number 338.9
Edition number 23
100 1# - MAIN ENTRY--PERSONAL NAME
Personal name Narayanaswamy, Lata,
Relator term author.
245 10 - TITLE STATEMENT
Title Gender, power and knowledge for development /
Statement of responsibility, etc. Lata Narayanaswamy.
264 #1 - PRODUCTION, PUBLICATION, DISTRIBUTION, MANUFACTURE, AND COPYRIGHT NOTICE
Place of production, publication, distribution, manufacture London ;
-- New York, NY :
Name of producer, publisher, distributor, manufacturer Routledge, Taylor & Francis Group
Date of production, publication, distribution, manufacture, or copyright notice 2017.
300 ## - PHYSICAL DESCRIPTION
Extent 270 pages ;
Dimensions 24 cm.
336 ## - CONTENT TYPE
Content type term text
Content type code txt
Source rdacontent
337 ## - MEDIA TYPE
Media type term unmediated
Media type code n
Source rdamedia
338 ## - CARRIER TYPE
Carrier type term volume
Carrier type code nc
Source rdacarrier
490 0# - SERIES STATEMENT
Series statement Routledge explorations in development studies
505 0# - FORMATTED CONTENTS NOTE
Formatted contents note Introduction -- Knowledge for development as an exercise in power -- The knowledge brokering business : NGOs and feminisms in development -- Anatomy of a knowledge broker -- "The language is difficult" : interrogating progressive information production processes -- "Very clearly there is no strategy" : interrogating progressive information dissemination practices -- "If you want to start a new project, then you pray that funders are on the same wavelength!" : interrogating southern-based knowledge intermediaries and systems -- Conclusion.
650 #0 - SUBJECT ADDED ENTRY--TOPICAL TERM
Topical term or geographic name entry element Economic development
General subdivision Information services.
650 #0 - SUBJECT ADDED ENTRY--TOPICAL TERM
Topical term or geographic name entry element Communication in economic development.
650 #0 - SUBJECT ADDED ENTRY--TOPICAL TERM
Topical term or geographic name entry element Women in development.
650 #0 - SUBJECT ADDED ENTRY--TOPICAL TERM
Topical term or geographic name entry element Non-governmental organizations.
650 #0 - SUBJECT ADDED ENTRY--TOPICAL TERM
Topical term or geographic name entry element Knowledge management.
906 ## - LOCAL DATA ELEMENT F, LDF (RLIN)
a 7
b cbc
c orignew
d 1
e ecip
f 20
g y-gencatlg
942 ## - ADDED ENTRY ELEMENTS (KOHA)
Source of classification or shelving scheme Library of Congress Classification
Koha item type Books
Classification part 76.2
Item part NAR
Call number prefix HD
Holdings
Withdrawn status Lost status Source of classification or shelving scheme Damaged status Not for loan Collection code Home library Current library Shelving location Date acquired Total Checkouts Full call number Barcode Date last seen Copy number Price effective from Koha item type
    Library of Congress Classification     Non-fiction City Campus Library City Campus Library General Stacks 04/28/2021   HD76.2 NAR 2017 031385 04/28/2021 c.1 04/28/2021 Books
    Library of Congress Classification     Non-fiction City Campus Library City Campus Library General Stacks 11/10/2021   HD76.2 NAR 2017 031441 11/10/2021 c. 2 11/10/2021 Books